Daivathinte Swantham Nattil/ (Record no. 144499)

000 -LEADER
fixed length control field 00358nam a2200145 4500
082 ## - DEWEY DECIMAL CLASSIFICATION NUMBER
Classification number M3
Item number NAL/D
100 ## - MAIN ENTRY--AUTHOR NAME
Personal name Nalini Bekal
245 ## - TITLE STATEMENT
Title Daivathinte Swantham Nattil/
Statement of responsibility, etc by Nalini Bekal
260 ## - PUBLICATION, DISTRIBUTION, ETC. (IMPRINT)
Place of publication Thrissur:
Name of publisher Current Books,
Year of publication 1999.
300 ## - PHYSICAL DESCRIPTION
Number of Pages 88p
650 ## - SUBJECT ADDED ENTRY--TOPICAL TERM
Topical Term Novel Malayalam
650 ## - SUBJECT ADDED ENTRY--TOPICAL TERM
Topical Term Literature Malayalam
650 ## - SUBJECT ADDED ENTRY--TOPICAL TERM
Topical Term Literature
942 ## - ADDED ENTRY ELEMENTS (KOHA)
Koha item type Book
Holdings
Withdrawn status Lost status Damaged status Not for loan Permanent Location Current Location Shelving location Date acquired Cost, normal purchase price Full call number Accession Number Price effective from Koha item type
        Sree Sankaracharya University of Sanskrit Sree Sankaracharya University of Sanskrit Stacks 04.02.2020 44.00 M3 NAL/D 098482 04.02.2020 Book
        Sree Sankaracharya University of Sanskrit Sree Sankaracharya University of Sanskrit Stacks 18.11.2020 44.00 M3 NAL/D 101146 18.11.2020 Book